| 000 | 01117nac a22003737a 4500 | ||
|---|---|---|---|
| 001 | BR0703662 | ||
| 003 | BR-BrBNA | ||
| 005 | 20240105123431.0 | ||
| 008 | 230509b bl.|||m| |||| 00| 0 por d | ||
| 040 |
_aBR-BrBNA _bpor _cBiblioteca Nacional de Agricultura |
||
| 072 | _aE16 | ||
| 090 | _a5213 BR0703662 | ||
| 100 | 1 | _aPereira, M. de A. | |
| 100 | 1 | _aCosta, F.P. | |
| 100 | 1 | _aCorrêa, E.S. | |
| 100 | 1 | _aCezar, I.M. | |
| 100 | 1 | _aMelo Filho, G.A. de | |
| 100 | 1 | _aWander, A.E. | |
| 100 | 1 | _aNascimento, D.S. do | |
| 110 | 1 | _aEMBRAPA Gado de Corte, Campo Grande, MS (Brasil) | |
| 245 | 1 | _aSistema e custo de produção de gado de corte no Estado de Goiás | |
| 260 | 3 |
_aCampo Grande, MS (Brasil): _c2005. |
|
| 300 | _a7 p. | ||
| 490 |
_aComunicado Técnico - EMBRAPA Gado de Corte (Brazil) _vno. 94 _xISSN 1516-9308 |
||
| 500 | _a13 tables | ||
| 650 | _aGADO DE CORTE | ||
| 650 | _aCUSTO DE PRODUÇÃO | ||
| 650 | _aSISTEMA DE PRODUÇAO | ||
| 650 | _aFAZENDA | ||
| 650 | _aMÃO-DE-OBRA | ||
| 650 | _aGOÁS | ||
| 909 |
_a202312 _bLúcia Elande _c55 _dLúcia Elande |
||
| 942 |
_2AGRIS _n0 _cMS |
||
| 999 |
_c295421 _d295421 |
||